Godly men and their golden words (Record no. 14532)

MARC details
000 -LEADER
fixed length control field 00521nam a2200181Ia 4500
082 ## - DEWEY DECIMAL CLASSIFICATION NUMBER
Classification number 922.945 KRI-; Issued
100 ## - MAIN ENTRY--AUTHOR NAME
Personal name Krishnamani, M.N.
245 #0 - TITLE STATEMENT
Title Godly men and their golden words
250 ## - EDITION STATEMENT
Edition statement 2nd
260 ## - PUBLICATION, DISTRIBUTION, ETC. (IMPRINT)
Place of publication New Delhi
Name of publisher Rashtriya Sanskrit Sansthan
Year of publication 1999
300 ## - PHYSICAL DESCRIPTION
Number of Pages 424p.
440 ## - SERIES STATEMENT/ADDED ENTRY--TITLE
Title Golden Jubilee of India's independence series; 5
500 ## - GENERAL NOTE
General note Contents: Vol.1
650 ## - SUBJECT ADDED ENTRY--TOPICAL TERM
Topical Term Hindu saints - India
650 ## - SUBJECT ADDED ENTRY--TOPICAL TERM
Topical Term Saint - Biography - India
650 ## - SUBJECT ADDED ENTRY--TOPICAL TERM
Topical Term Spiritual life - Hinduism
942 ## - ADDED ENTRY ELEMENTS (KOHA)
Koha item type Books
Holdings
Withdrawn status Lost status Damaged status Not for loan Home library Current library Date acquired Bill Date Full call number Accession Number Price effective from Koha item type
        NASSDOC Library NASSDOC Library 08/06/2004 2004-10-05 922.945 KRI-; Issued 37765 18/04/2019 Books